000 00442nam a2200145Ia 4500
041 _aArabic
082 _a323,6 cut-674 ج
100 _a20260118u\\\\\\\\\\\y0engy0103\\\\ba
100 _aصباح صادق جعفر
245 0 _aقانون جوازات السفر رقم ٥٥ لسنة ١٩٥٩ وتعديلاته
250 _aط1
260 _bمطبعة الخيرات
_aبغداد -العراق
_c1999
300 _a136
942 _cBk
999 _c188850
_d188850